书目信息 |
| 题名: |
中文AutoCAD 2004 基础培训教程
|
|
| 作者: | 周志斌 , 林金萍 编著 | |
| 分册: | ||
| 出版信息: | 北京 冶金工业出版社 2003.11 |
|
| 页数: | 294页 | |
| 开本: | 26cm | |
| 丛书名: | ||
| 单 册: | ||
| 中图分类: | TP391.72 | |
| 科图分类: | ||
| 主题词: | 计算机应用 | |
| 电子资源: | ||
| ISBN: | 7-5024-3375-9 | |
| 000 | 00657nam0 2200205 45 | |
| 001 | 0438533308 | |
| 005 | 2004052010421331 | |
| 010 | @a7-5024-3375-9@dCNY 30.00 | |
| 100 | @a20040520d2003 km y0chiy0120 ea | |
| 101 | 0 | @achi |
| 102 | @aCN@b110000 | |
| 200 | 1 | @a中文AutoCAD 2004 基础培训教程@Azhong wen AutoCAD 2004 ji chu pei xun jiao cheng@f周志斌,林金萍编著@Fzhou zhi bin,lin jin ping bian zhu |
| 210 | @a北京@c冶金工业出版社@d2003.11 | |
| 215 | @a294页@d26cm | |
| 606 | 0 | @a计算机应用 |
| 690 | 1 | @aTP391.72@v4 |
| 701 | 0 | @a周志斌@Azhou zhi bin@4编著 |
| 701 | 0 | @a林金萍@Alin jin ping@4编著 |
| 801 | 0 | @aCN@bPFT@c20040520 |
| 905 | @a10447@dTP391.72@eZ810 | |
| 中文AutoCAD 2004 基础培训教程/周志斌,林金萍编著.-北京:冶金工业出版社,2003.11 |
| 294页;26cm |
| ISBN 7-5024-3375-9:CNY 30.00 |
| ● |
| 相关链接 |
|
|
|
正题名:中文AutoCAD 2004 基础培训教程
索取号:TP391.72/Z810
 
预约/预借
| 序号 | 登录号 | 条形码 | 馆藏地/架位号 | 状态 | 备注 |
| 1 | 376333 | 203763338 | 自科库301/ [索取号:TP391.72/Z810] | 在馆 | |
| 2 | 376334 | 203763347 | 期刊室512/301自科库 112排2列4层/ [索取号:TP391.72/Z810] | 在馆 |